000 00437nam a22001577a 4500
005 20251108164018.0
008 250721s1993 xx 000 0 ara d
082 1 4 _a189/دبا
100 1 _aالدباس، حامد أحمد
245 1 0 _aلعنة وطن /
264 1 _aلندن :
_bدار الحكمة للنشر،
_c1993 1993.
300 _a323ص.
650 1 7 _aالفلسفة الإسلامية
942 _2ddc
_cBK
999 _c1380
_d1380